[Event "Reggio Emilia-A 9192 34th"]
[Site "Reggio Emilia"]
[Date "1992.??.??"]
[Round "4"]
[White "Khalifman, Alexander"]
[Black "Karpov, Anatoly"]
[Result "1-0"]
[WhiteElo "2630"]
[BlackElo "2730"]
[Annotator "Ernst,T"]
[PlyCount "89"]
[EventDate "1991.12.??"]
[EventType "tourn"]
[EventRounds "9"]
[EventCountry "ITA"]
[EventCategory "18"]
[SourceTitle "CBM 027"]
[Source "ChessBase"]
[SourceDate "1992.04.01"]
[SourceVersion "1"]
[SourceVersionDate "1992.04.01"]
[SourceQuality "1"]

1. e4 {Schussler} e5 2. Nf3 Nc6 3. Bb5 a6 4. Ba4 Nf6 5. O-O b5 6. Bb3 Be7 7.
Re1 d6 8. c3 O-O 9. h3 Bb7 10. d4 Re8 11. Ng5 Rf8 12. Nf3 Re8 13. Nbd2 Bf8 14.
a4 h6 15. Bc2 exd4 16. cxd4 Nb4 17. Bb1 c5 18. d5 Nd7 19. Ra3 f5 20. Nh2 $1 {
Eine großartige Neuerung!} (20. Rae3 {Schussler} Nf6 21. Nh2 Qd7 {19. - Kh8 -
Kasparov,G-Karpov,A, Lyon (m20) 1990.} 22. Rf3 (22. exf5 Rxe3 23. fxe3 Bxd5 24.
Ng4 Be7 25. e4 Bf7 26. Nf3 Rd8 $13 {Kasparov,G-Karpov,A, Amsterdam 1991.})
22... Re5 23. b3 fxe4 24. Nxe4 Nxe4 25. Rxe4 Rxd5 $15 {Oll,L-Hjartarson,J, USA
1991.}) 20... Nf6 21. Rf3 Re5 {Im Vergleich zu Oll - Hjartarson, Philadelphia
1991 hat Weiß ein Tempo gewonnen, weil Schwarz nicht ...Qd7 gespielt hat.} (
21... fxe4 $6 22. Nxe4 Nxe4 23. Bxe4 Rxe4 $2 24. Rxe4 Bxd5 25. Rxf8+ $1 Qxf8
26. Rxb4 $1 cxb4 27. Qxd5+ Kh8 28. axb5 axb5 29. Be3 $1 Ra1+ 30. Nf1 Qf6 31.
Qxb5 Qxb2 32. Qe8+ Kh7 33. Qe4+ Kh8 34. Bd4 Qb1 35. Qe8+ Kh7 36. Bxa1 Qxa1 37.
Qe4+ $18) 22. Rxf5 Rxf5 23. exf5 Bxd5 24. Ne4 (24. Ng4 {Schussler} Nxg4 25.
hxg4 $13 {23.Qxg4? Qg5!}) 24... Bxe4 25. Bxe4 d5 26. Bf3 (26. Bb1 {Schussler}
d4 27. Ng4 d3 $19) 26... c4 27. Re6 Nd3 28. Be3 d4 29. Bxh6 $1 (29. Bxd4 {
Schussler} Qxd4 30. Bxa8 Qxf2+ 31. Kh1 Qxb2 $19) (29. Bxa8 {Schussler} dxe3 $19
) 29... Nxb2 30. Qc2 Nxa4 31. Bg5 $36 d3 32. Qd2 Nc5 (32... c3 33. Qa2 Kh8 34.
Bxf6 $6 gxf6 35. Re4 Bh6 36. Rh4 Qf8 37. Bxa8 c2 38. Qa1 d2 $19) (32... c3 33.
Qa2 Kh8 34. Bxa8 $1 Qxa8 35. Rxf6 $5 d2 36. Rxf8+ Qxf8 37. Bxd2 cxd2 38. Qxd2
Qxf5 $10) (32... c3 33. Qa2 Kh8 34. Bxa8 $1 Qxa8 35. Bxf6 $6 gxf6 36. Nf3 c2
$17) 33. Bxf6 gxf6 34. Rc6 Rc8 35. Rxc8 Qxc8 36. Bd5+ Kh7 37. Qf4 $16 d2 38.
Qg4 d1=Q+ 39. Qxd1 Qxf5 40. Ng4 Bh6 41. Qe1 Bf8 42. Qe8 Qb1+ 43. Kh2 Bd6+ 44.
g3 Qg6 45. Qd8 1-0

[Event "Parnu-A"]
[Site "Parnu"]
[Date "1996.02.06"]
[Round "5"]
[White "Khalifman, Alexander"]
[Black "Hracek, Zbynek"]
[Result "1-0"]
[WhiteElo "2650"]
[BlackElo "2650"]
[Annotator "Ftacnik,L"]
[PlyCount "59"]
[EventDate "1996.02.??"]
[EventType "tourn"]
[EventRounds "10"]
[EventCountry "EST"]
[EventCategory "17"]
[SourceTitle "CBM 052"]
[Source "ChessBase"]
[SourceDate "1996.06.01"]
[SourceVersion "1"]
[SourceVersionDate "1996.06.01"]
[SourceQuality "1"]

1. e4 {Wedberg} e5 2. Nf3 Nc6 3. Bb5 a6 4. Ba4 Nf6 5. O-O Nxe4 6. d4 b5 7. Bb3
d5 8. dxe5 Be6 9. Nbd2 Nc5 10. c3 d4 11. Ng5 dxc3 12. Nxe6 fxe6 13. bxc3 Qd3
14. Bc2 Qxc3 15. Nb3 Rd8 $5 (15... Nxb3 16. Bxb3 Nd4 17. Qg4 Qxa1 18. Bxe6 Rd8
19. Bh6 Qc3 20. Bxg7 {1-0 Kasparov,G-Anand,V (10)/PCA-Wch (New York)/1995 (38)}
) 16. Bd2 Rxd2 (16... Qxe5 $5 17. Qg4 (17. Re1 Qd5 18. Bf4 (18. Qg4 {Wedberg}
Ne5 (18... e5 19. Bg5 Rd7 20. Nxc5 Bxc5 21. Be4 $16) 19. Rxe5 Qxe5 20. Re1 Qd5
21. Nxc5 Bxc5 22. Rxe6+ Kf7 23. Bb3 {+-}) 18... Nb4) 17... Bd6 (17... Nxb3 18.
Rae1 Nxd2 19. Rxe5 Nxe5 20. Qxe6+ Be7 21. Qxe5) 18. f4 Qf6) (16... Qc4 17. Qh5+
Kd7 18. Rac1 $40) 17. Nxd2 $14 {Kasparov} Nxe5 $6 (17... Qxe5 18. Re1 Qf6 19.
Nb3 $14) 18. Nb3 Ned7 (18... Ncd3 19. Bxd3 Nxd3 20. Qf3 $16) (18... Bd6 19. Rc1
Ncd3 20. Bxd3 Qxd3 21. Nc5 $16) 19. Nd4 $1 Bd6 20. Rc1 Qb2 (20... Qa3 21. Qh5+
Kf8 22. Bb3 $16) 21. Bb3 Nxb3 (21... O-O 22. Rc2 Qa3 23. Nxe6 Nxb3 24. Nxf8 $18
) 22. axb3 {Black has too many weaknesses: a6,c7 and e6 pawns.} O-O (22... c5
$2 23. Re1 $18) (22... e5 {Wedberg} 23. Ne6 $16) 23. Rc2 Qa3 24. Nxe6 Qxb3 (
24... Rf7 25. Nxc7 Qxb3 26. Nxa6 $18) 25. Nxf8 Nxf8 (25... Kxf8 $6 26. Rxc7 $1
$18) 26. Qb1 Qxb1 (26... Qe6 27. Qa2 $18) (26... Qf7 {Wedberg} 27. Qa2 Ne6 28.
Re1 {+-}) 27. Rxb1 Nd7 28. Rd1 (28. Rc6 Nb8) 28... Nc5 (28... Nb6 29. Rc6 Be5
30. g3 g5 31. Re1 $18) 29. Rd5 Ne4 30. Rc6 (30. Rc6 Nf6 31. Rf5 b4 32. Rxa6 $18
) 1-0

[Event "Parnu-A"]
[Site "Parnu"]
[Date "1996.02.11"]
[Round "9"]
[White "Khalifman, Alexander"]
[Black "Sokolov, Ivan"]
[Result "1-0"]
[WhiteElo "2650"]
[BlackElo "2665"]
[Annotator "Dautov,R"]
[PlyCount "87"]
[EventDate "1996.02.??"]
[EventType "tourn"]
[EventRounds "10"]
[EventCountry "EST"]
[EventCategory "17"]
[SourceTitle "CBM 052"]
[Source "ChessBase"]
[SourceDate "1996.06.01"]
[SourceVersion "1"]
[SourceVersionDate "1996.06.01"]
[SourceQuality "1"]

1. d4 Nf6 2. Nf3 d6 3. c4 g6 4. Nc3 Bf5 5. Nh4 Bd7 6. e4 Bg7 $1 {N} (6... e5 7.
Nf3 exd4 (7... Nc6 8. d5 Ne7 9. c5 $1 Bg7 10. Qb3 Qb8 11. cxd6 cxd6 12. Bb5 O-O
13. a4 Bg4 14. Nd2 $14 {Psakhis,L-Wolff,P/New York 55/564 1992}) 8. Nxd4 Bg7 9.
Be2 O-O 10. O-O Re8 11. f3 Nc6 12. Nc2 Nh5 13. g4 Nf6 14. Be3 a6 15. Qd2 Ne5
16. Rad1 Be6 17. b3 b5 18. cxb5 axb5 19. g5 Nfd7 20. Bxb5 $16 {Sokolov,
I-Hodgson,J/Groningen (03) ;CBM 45 1994}) 7. Be2 (7. f4 $6 e5 $1 8. Nf3 exd4 9.
Nxd4 O-O 10. Be2 Re8 11. Bf3 Nc6 $15) 7... O-O 8. Nf3 e5 {Schwarz bekam eine
bekannte theoretische Stellung mit einem Mehrtempo-der Läufer steht bereits
auf d7. Ob dies von Vorteil für ihn ist, läßt es sich noch nicht sagen.} 9. Be3
$1 (9. O-O Nc6 10. d5 Ne7 11. Nd2 $6 a5 $10 {Hier steht der Läufer auf d7 gut,
z.B 12.a3? a4!}) 9... Ng4 10. Bg5 f6 11. Bh4 Nc6 12. dxe5 dxe5 13. Qd5+ {
Hauptsächlich wegen dieser Schachmöglichkeit wählte Khalifman seinen 9. Zug.
Stünde nun der Läufer wie üblich auf c8, könnte nun Qxd5 folgen, mit einem für
Schwarz günstigen Endspiel.} Kh8 (13... Rf7 $6 14. c5 Qe7 15. Bc4 Nd8 16. O-O-O
Be6 17. Qd3 Kh8 (17... Qxc5 $4 18. Qxd8+ $18) (17... Bxc4 18. Qxc4 $16) 18. h3
Nh6 19. Nxe5 Bxc4 20. Nxc4 Qxc5 21. Qd5 $16) 14. O-O-O $1 Be8 15. Qe6 $6 (15.
h3 Nh6 16. Qxd8 (16. g4 $5 Nf7 $13) 16... Rxd8 17. Rxd8 Nxd8 18. Rd1 (18. Nxe5
$2 g5 $19) (18. Nb5 $5) 18... Ne6 $10) (15. Qxd8 $5 Rxd8 16. Rxd8 Nxd8 17. Nb5
Bxb5 (17... c6 $2 18. Nxa7 $16) 18. cxb5 Ne6 19. Rd1 $14 {^^}) 15... Qc8 16.
Qxc8 Rxc8 17. h3 Nh6 18. Rhe1 Nf7 $10 {Weiß handelte zu passiv, die Stellung
ist schon zumindest ausgeglichen, eher etwas besser für Schwarz wegen der
Schwäche des Punktes d4. Erstaunlicherweise führt aber diese passive Taktik
zum weißen Erfolg.} 19. Kb1 Nfd8 20. Bf1 Ne6 21. Bg3 Rf7 22. Nd2 Ncd4 23. Nb3
Bf8 $6 (23... Nxb3 $1 24. axb3 Bf8 25. f3 Bc5 $15) 24. Nxd4 exd4 (24... Nxd4
25. f4 exf4 26. Bxf4 Ne6 27. Bg3 $10) 25. Nd5 g5 $2 {/\c6 Ein grober Fehler.
Schwarz sah nur seine Drohungen...} (25... c6 26. Nf4 Nxf4 27. Bxf4 c5 28. Bd3
Bc6 29. f3 $10) 26. Be2 $1 $16 {/\Bg4,Bh5,><f6} c6 (26... c5 27. Bg4 Bd7 28.
Bh5 Rg7 29. Nxf6 $16) 27. Bg4 Bd7 28. Bh5 Kg8 $5 29. Bxf7+ Kxf7 30. Ne3 $8 Rd8
31. Nf5 c5 32. Bd6 $18 b5 $2 33. Bxf8 Kxf8 34. cxb5 Bxb5 35. g3 c4 36. e5 $1
Ba4 37. Rd2 fxe5 38. Rxe5 Kf7 39. Nh6+ Kf6 40. Ng4+ Ke7 41. f4 gxf4 42. gxf4
Kf7 43. Ra5 c3 44. bxc3 1-0

[Event "Ubeda"]
[Site "Ubeda"]
[Date "1997.02.08"]
[Round "2"]
[White "Khalifman, Alexander"]
[Black "Akopian, Vladimir Eduardovic"]
[Result "1-0"]
[WhiteElo "2650"]
[BlackElo "2655"]
[Annotator "Khalifman,A"]
[PlyCount "105"]
[EventDate "1997.02.07"]
[EventType "tourn"]
[EventRounds "11"]
[EventCountry "ESP"]
[EventCategory "16"]
[SourceTitle "CBM 058"]
[Source "ChessBase"]
[SourceDate "1997.06.01"]
[SourceVersion "1"]
[SourceVersionDate "1997.06.01"]
[SourceQuality "1"]

1. e4 {Hecht Ftacnik Cifuentes,R} c5 2. Nf3 d6 3. d4 cxd4 4. Nxd4 Nf6 5. Nc3 a6
6. Be2 e6 7. O-O Be7 8. a4 O-O 9. f4 Nc6 10. Be3 Qc7 11. Kh1 Re8 12. Bf3 Rb8
13. g4 (13. Qd2 Nd7 14. Rfd1 Nxd4 15. Bxd4 b6 16. Qf2 Bb7 17. f5 Bf6 18. fxe6
fxe6 19. Bxf6 Nxf6 $11 {1/2-1/2 Galkin,A-Sokolov,A/RUS-ch 1996 (24)}) 13...
Nxd4 14. Bxd4 e5 15. fxe5 dxe5 16. Ba7 Ra8 17. g5 Rd8 (17... Rxa7 18. gxf6 Bxf6
19. Nd5 Qd8 20. Nxf6+ gxf6 21. Qc1 (21. Qe1 $40 {Cifuentes,R}) (21. Qe1 b6 22.
Rg1+ Kh8 23. Qh4 f5 24. Qh6 f6 25. Rg6 Rf8 26. Rag1 Qe7 {0-1 Rivera,D-Larrosa,
J/La Coruna (02)/1993 (38)}) 21... Kh8 22. Rg1 (22. Qh6 Rg8 23. Bh5 Bg4 24.
Bxg4 Rxg4 25. Rad1 Qe7 26. Rg1 f5 27. Rxg4 fxg4 28. Rd7 Qe8 29. Qf6+ Kg8 30.
Rd8 {1-0 Oll,L-Cvitan,O/Eupen op 25' (06)/1995}) 22... Rg8 23. Qh6 Rg6 24. Rad1
Qe7 25. Qd2 Be6 {1/2-1/2 Sutovskij,E-Zoler,D/ISR-ch (06)/1994/ (42)} (25... Be6
{Ftacnik} 26. Qd8+ Qxd8 27. Rxd8+ Kg7 28. a5 {1/2-1/2 Sutovskij,E-Zoler,D/
ISR-ch (06)/1994 (42)})) (17... Bb4 18. gxf6 (18. Na2 a5 (18... Ba5 19. Be3 Rd8
20. Qe2 Ne8 21. c4 Be6 22. Rfc1 Qe7 23. Nc3 Bxc3 24. Rxc3 {Dolmatov,S-Kalegin,
E/RUS-ch Elista (07)/1995/1/2-1/2 (76)}) 19. Be3 Nd7 20. Nxb4 axb4 21. Qd2 Nf8
22. Qxb4 Qxc2 23. Rfc1 Qd3 {1-0 Tiviakov,S-Marcantoni,H/Paris-ch (08)/1991/ 
(51)} (23... Qd3 {Ftacnik} 24. Ra3 Qa6 25. Bg2 {1-0 Tiviakov,S-Marcantoni,H/
Paris-ch (08)/1991 (51)})) 18... Bxc3 19. Qc1 {! N} (19. bxc3 Rxa7 20. Qd2 Qc5
21. Qg5 g6 22. Rad1 Be6 23. Rd2 b5 {1/2-1/2 Lawson,D-Morrison,G/Edinburgh op/
1989 (29)}) 19... Bb4 20. Be3 Bf8 $2 (20... gxf6 21. Bh6 Kh8 22. Rg1 $18) (
20... g6 21. c3 Bd6 22. Bh6 $40) (20... Be6 $5 21. Bh6) 21. Bh6 $3 $16 {
1-0 Tiviakov,S-Beshukov,S/RUS-ch 1996 (29)} (21. Bh6 Qc6 22. Bxg7 Bxg7 23. fxg7
Be6 24. Rf2 a5 25. Qg5 {1-0 Tiviakov,S-Beshukov,S/RUS-ch Elista (09)/1996 (30)}
)) (17... Nd7 18. Nd5 Qc6 19. Be3 Bc5 20. Bh5 g6 21. Qf3 Rf8 22. Bg4 b6 23.
Bxd7 Bxd7 24. Bxc5 bxc5 {1-0 Fishbein,A-MacArthur,J/New York op '60 Newark (01)
1996}) 18. Qe2 (18. Qc1 Rxa7 19. gxf6 Bxf6 20. Nd5 Qc6 21. Nxf6+ Qxf6 22. Bh5
Qh4 23. Bxf7+ Kh8 24. Bd5 Bh3 25. Rf3 {Kaiumov,D-Semeniuk,A/Vladivostok2 op 
(06)/1995/1-0 (78)}) 18... Ne8 (18... Rxa7 $2 19. gxf6 Bxf6 20. Nd5 Rxd5 (20...
Qc6 {Cifuentes,R} 21. Nxf6+ Qxf6 22. Bh5 Qh4 23. Bxf7+ Kh8 24. Bd5 $16) 21.
exd5 Be7 22. Be4 $16 {Tiviakov,S-Andruet,G/Torcy/1991/} (22. Be4 {Ftacnik} Bd6
23. Qd3 h6 24. Rf3 b6 25. Raf1 f6 26. Rg1 Qc5 27. Rxf6 Qxg1+ 28. Kxg1 gxf6 29.
Bf5 {1-0 Tiviakov,S-Andruet,G/Torcy op/1991/})) 19. Be3 Be6 20. Bg4 $5 {
Van der Wiel} (20. Qf2 Rdc8 (20... Qc4 21. Nd5 $1 (21. Bb6 Rdc8 22. Be3 Bc5 $15
23. Rad1 Bxe3 24. Qxe3 Qb4 25. Rd3 Rd8 26. b3 Rd4 $1 (26... Rxd3 27. Qxd3 Qe7
28. Qd2 Rd8 29. Nd5 $15) 27. Rfd1 Rc8 28. R1d2 Qc5 29. Kg2 b5 30. axb5 axb5 31.
Nd1 Rxd3 32. Qxd3 f6 33. gxf6 Nxf6 34. Ne3 Kh8 $1 35. c4 bxc4 36. Nxc4 h6 37.
Rc2 Qb5 38. Rc1 Qc5 39. Rc2 Qb5 40. Rc1 Qb4 41. Qc3 Qe7 42. Qe3 Nd7 43. Be2 Rb8
44. Nd2 Nf8 45. Kh1 {Topalov,V-Kasparov,G/Erevan olm 1996/0-1 (63)}) 21... Bxd5
22. b3 Qc3 23. exd5 Nd6 24. Rac1 Rac8 25. Bd2 Qb2 26. c4 $16 Qxb3 27. c5 Nf5
28. d6 Bxd6 29. cxd6 Rxc1 30. Rxc1 Qxa4 $2 (30... Nxd6 31. a5 $16) 31. Qb6 Qd7
32. Ba5 Re8 33. Bb4 Ng3+ $2 34. hxg3 {1-0 Dolmatov,S-Namgilov,S/RUS-ch 1996})
21. Rad1 (21. a5 Nd6 22. Na4 Nc4 $132 (22... Rf8 23. b3 Nb5 24. Nb6 Rad8 25.
Nd5 Bxd5 26. exd5 Nc3 27. Bb6 Qd7 28. Qg2 e4 29. Bg4 Qxd5 {1/2-1/2 Sax,
G-Bairachny,R/Budapest Spring op 1996 (48)} (29... Qxd5 30. Rf5 Qc6 {1/2-1/2
Sax,G-Bairachny,R/Budapest Spring op (06)/1996 (49)}))) (21. Bg4 Nd6 22. Bxe6
fxe6 23. g6 Bf6 (23... Rf8 {Ftacnik} 24. Qg2 Rxf1+ 25. Rxf1 Rf8 26. Rxf8+ Bxf8
27. Qh3 hxg6 28. Qxe6+ Kh7 29. Qh3+ Kg8 30. Qe6+ Kh7 31. Qxe5 {1/2-1/2
Riemersma,L-Ligterink,G/NLD-ch/1987 (36)}) 24. Qg2 Qe7 25. Rf3 Nc4 26. Bc1 hxg6
27. b3 Na5 28. Qxg6 Qf7 $15 29. Qg4 Nc6 {0-1 Fishbein,A-Gligoric,S/Moscow
GMA-op 1989 (75)}) (21. Bb6 $6 {Cifuentes,R} Qc4 22. a5 Qb4) 21... Bc5 22. Bxc5
Qxc5 23. Nd5 Bxd5 24. Rxd5 Qxc2 25. Rxe5 Qxf2 26. Rxf2 g6 $11 {Anand,
V-Kasparov,G/Las Palmas/1996/}) 20... Bc4 (20... Nd6 {Cifuentes,R} 21. Bxe6
fxe6 22. Qg4 $16 (22. Qg4 {Ftacnik} Qc4 23. g6 $14)) 21. Qf2 Qc6 (21... Bxf1
22. Rxf1 f6 23. Be6+ Kh8 24. g6 $16) 22. b3 $1 (22. Rfe1 {Cifuentes,R} Nd6 23.
b3 $2 Nxe4 $1 24. Nxe4 Bd5 $19) 22... Bxf1 23. Rxf1 f6 (23... Qg6 24. Qf3 (24.
h4 $40 {Cifuentes,R}) 24... Nd6 (24... Nc7 {Ftacnik} 25. Bh5 Qd6 26. Bxf7+ Kh8
27. g6 $40) 25. h4 $16) (23... Nd6 24. Nd5 Bf8 25. c4 $44) 24. Nd5 Rxd5 (24...
Bf8 25. c4 $44 (25. Qg2 $1 {Cifuentes,R} Kh8 26. c4 b5 27. Qh3 bxc4 28. Bf5 h6
29. gxh6 g5 30. Qh5 Qb7 31. Qg6 Rxd5 32. exd5 cxb3 33. Bxg5 $1 fxg5 34. Be6 $18
)) 25. exd5 Qxd5+ 26. Bf3 (26. Kg1 $5 {Cifuentes,R} Nd6 (26... Rd8 $5) 27. c4
Qd3 28. Rd1 $1 Qxb3 29. gxf6 Ne4 $8 {[#]} (29... gxf6 $2 30. Rxd6 $1 Bxd6 31.
Be6+ Kg7 32. Bh6+ $3 Kxh6 33. Qxf6+ Kh5 34. Bf7+ Kg4 35. h3+ $18) 30. fxe7 $1 (
30. Be6+ $2 Kh8 31. fxg7+ Kxg7 32. Qf7+ Kh8 33. Re1 Qc3 34. Re2 Rf8 $1 $19)
30... Qxd1+ 31. Bxd1 Nxf2 32. Kxf2 Kf7 33. Bc5 $16) 26... e4 27. c4 {N} (27.
Be2 Rc8 (27... b5 $5) (27... b5 $5 28. c4 Qe6 29. cxb5 axb5 30. Bxb5 Qxb3) 28.
c4 (28. Bc4 Rxc4 29. bxc4 Qxc4 $13) 28... Qc6 (28... Qe5 $5 {Cifuentes,R} 29.
Bg4 Rd8 30. Bf4 Qc5 31. Be6+ Kh8 32. Qxc5 Bxc5 33. Bd5 Nd6 $11) 29. c5 Kf8 30.
b4 Qd5 31. Qh4 Kg8 32. Qh3 Rd8 33. Rc1 $16 {Van der Wiel-Dao Thien Hai/Wijk-B/
1997/}) 27... Qe6 (27... Qe5 $1 {Cifuentes,R} 28. Be2 Rc8 $13) 28. Be2 Rd8 $6 (
28... fxg5 29. c5 Qf6 (29... Qxb3 30. Bxg5 Bf6 31. Bxf6 Nxf6 32. Qd4 b5 $8 33.
cxb6 Rc8 34. Bxa6 $18) 30. Bc4+ Kh8 31. Bd5 (31. Qg3 $1 {Cifuentes,R} Qc6 32.
Qe5 Bf6 33. Bd5 $1 Nc7 34. Bxc6 Bxe5 35. Bxb7 Rb8 36. Bxe4 $16) 31... Qxf2 32.
Rxf2 $14 (32. Bxf2 Rb8 33. Bxe4 a5 $1 34. Re1 $1 Nf6 35. Bxh7 Bxc5 36. Bxc5
Kxh7 37. Bb6 Ra8 38. Re7 Nd5 $1 39. Rxb7 Nxb6 40. Rxb6 Rc8 41. Rb5 Rc3 42. Rxa5
Rxb3 43. Rxg5 Ra3 44. a5 Ra2 $11) (32. Rxf2 Rb8 33. Bxe4 (33. Rf7 Nf6 34. Bc4
Re8 35. Bxg5 h6 (35... Bxc5 $2 36. Rxf6 $1 $18) 36. Be3 Kh7 $13) 33... Nf6 34.
Bf3 $8 a5 $1 $11)) (28... b5) 29. c5 $1 Qxb3 (29... Nc7 $2 30. Bc4 Nd5 31. Qf5
$18 (31. Qf5 {Ftacnik} Qf7 32. Rd1 $18)) (29... Rd3 30. Bxd3 exd3 31. b4 $16)
30. Qf5 $1 (30. Rc1 Kf8) 30... Kh8 (30... Qxe3 $2 31. Qe6+ Kh8 (31... Kf8 32.
Bc4 $18) 32. Qxe7 $18) (30... Qa2 31. Re1 Kh8 (31... b5 {Ftacnik} 32. cxb6 (32.
axb5 axb5 33. Qxe4 $40) 32... Nd6) 32. Qxe4 Qd5 33. Bf3 Qxe4 34. Bxe4 $16) (
30... Kf8 31. Qxh7 $16) (30... Qxa4 {Ftacnik} 31. Qe6+ Kf8 32. Bc4 $18) 31.
Qxe4 Qd5 (31... Rd7 32. Rb1 (32. Bc4 $2 Qxa4 33. Qe6 Qc6+) (32. Bf3 {Ftacnik}
Qd3 33. Qxd3 Rxd3 34. Re1 Nc7 35. gxf6 Bxf6 36. Bxb7 $16) 32... Qa2 33. Bg4 $16
) 32. Bf3 Qxe4 33. Bxe4 $16 Nc7 (33... Rd7 34. Rb1 $16 (34. Rb1 {Cifuentes,R}
fxg5 35. Bxb7 Nc7 36. c6 Rd3 37. Bb6 Bd6 38. Re1 $18)) 34. Bxb7 Kg8 (34... fxg5
{Ftacnik} 35. Rf7 $16) 35. gxf6 gxf6 (35... Bxf6 {Ftacnik} 36. Bf4 Ne6 37. c6
$18) 36. c6 (36. Bf4 $2 Bxc5 37. Bxc7 Rd7 $11) (36. Be4 $5 Nd5 37. Bg1 $16)
36... Rd3 (36... Kf7 {Ftacnik} 37. Bb6 Bd6 38. Bxa6 $18) 37. Bb6 Bd8 (37... Nd5
{Ftacnik} 38. a5 Rc3 39. Rd1 $18) (37... Bd6 {Ftacnik} 38. Rxf6 $18) 38. a5 Kf7
39. Bc8 Rd6 40. Bd7 Rd2 41. Rf3 h5 42. Rb3 Rd5 (42... Ke7 {Ftacnik} 43. Bc5+
Kf7 44. Rb8 Be7 45. Bb6 Bd6 46. Rb7 Nd5 47. c7 Rxh2+ 48. Kg1 Bxc7 49. Rxc7 Rb2
50. Rb7 $18) 43. Kg2 (43. Bxc7 $2 Bxc7 44. Rb7 Rd1+ 45. Kg2 Rd2+ $11 (45...
Rd2+ {Cifuentes,R} 46. Kf3 Bxa5 47. c7 Bxc7 48. Rxc7 Rxh2 $11)) 43... h4 44.
Kf3 f5 (44... Rd1 {Ftacnik} 45. Kg4 $18) 45. Ke2 Re5+ (45... Ke7 {Ftacnik} 46.
Be3 (46. Ke3 Kd6 47. Kf4 Bf6 48. Bxf5 (48. Re3 Bg7) 48... Be5+ 49. Kg4 Bxh2 50.
Be4 Rb5 51. Rd3+ Ke6 52. Kxh4 $16) 46... Ne6 47. Bxe6 Kxe6 48. Bb6 $16) 46. Kd3
Ke7 47. Rb4 $1 Nd5 $6 (47... Rd5+ 48. Rd4 Kd6 49. Kc4 $16 (49. Kc4 {Cifuentes,R
} Rxd4+ 50. Kxd4 Bf6+ 51. Kc4 $14) (49. Rxd5+ {Ftacnik} Kxd5 50. Bxf5 Kxc6 51.
Kc4 $16)) 48. Kd4 $1 Nxb6 (48... Nxb4 49. Kxe5 $18 (49. Kxe5 {Ftacnik} Nd3+ 50.
Kxf5 $18)) 49. Kxe5 (49. axb6 $2 {Ftacnik} Re4+) 49... Nxd7+ 50. cxd7 Kxd7 (
50... Bc7+ 51. Kd5 $1 (51. Kxf5 Bxh2 52. Rxh4 Bc7 53. Rh7+ Kd6 $11 (53... Kd6 {
Cifuentes,R} 54. Rh6+ Kxd7 55. Rxa6 Kc8 $11)) 51... Kxd7 (51... Bxh2 52. Kc6)
52. Rxh4 Bxa5 53. Rh7+ $18) 51. Rd4+ Kc8 52. Rxd8+ Kxd8 {[#] Hecht Einfaches
Tempo- bzw. Abzählproblem} 53. Kxf5 (53. Kxf5 {Ftacnik} Kd7 (53... Ke7 {Hecht}
54. Kg4 Kf6 55. Kxh4 Kf5 56. Kg3 (56. Kh5) 56... Kg5 57. Kf3 {[%cal Yg5h4,
Yh4h3,Yh3h2,Yh2g3,Yg3f4,Yf4e5,Yf3e4,Ye4d5,Yd5c6,Yc6b6,Yb6a6,Ya6b7] Und nun
kommt Schwarz via h2 in 6 Zügen bis nach e5. In der gleichen Zeit landet der
weiße König aber schon auf b7. Also +-}) 54. Kg4 Kc6 55. Kxh4 Kb5 56. Kg5 Kxa5
57. h4 $18) 1-0

[Event "WchT 4th"]
[Site "Luzern"]
[Date "1997.10.28"]
[Round "4.2"]
[White "Khalifman, Alexander"]
[Black "Adams, Michael"]
[Result "1-0"]
[WhiteElo "2655"]
[BlackElo "2680"]
[Annotator "Khalifman,A"]
[PlyCount "61"]
[EventDate "1997.10.25"]
[EventType "team-tourn"]
[EventRounds "9"]
[EventCountry "SUI"]
[SourceTitle "CBM 062"]
[Source "ChessBase"]
[SourceDate "1998.01.31"]
[SourceVersion "1"]
[SourceVersionDate "1998.01.31"]
[SourceQuality "1"]
[WhiteTeam "Russia"]
[BlackTeam "England"]
[WhiteTeamCountry "RUS"]
[BlackTeamCountry "ENG"]

1. d4 {Yudasin,L} d6 2. e4 Nf6 3. Nc3 g6 4. Nf3 Bg7 5. Be3 O-O $6 (5... c6 $142
) (5... a6 $142) (5... Ng4 {Yudasin,L} 6. Bg5 h6 7. Bh4 Nc6 8. h3 Nf6 9. Bb5)
6. Qd2 Bg4 (6... c6 7. Bh6 b5 8. Bd3 $36) (6... Ng4 {Yudasin,L} 7. Bg5 f6 8.
Bh4 e5 9. Bc4+ Kh8 10. h3 Nh6 11. dxe5 dxe5 12. Qxd8 Rxd8 13. Nxe5 g5 14. Nd5
gxh4 15. Nxc7 fxe5 16. Nxa8 Na6 $13) 7. Ng5 Nc6 (7... h6 $2 8. h3 Bh5 9. Nxf7
$1 Rxf7 10. g4 $16) (7... e5 {Yudasin,L} 8. dxe5 dxe5 9. Qxd8 Rxd8 10. Bc4 Rf8
11. h3 Bd7) 8. d5 $5 $146 (8. h3 Bd7 9. O-O-O (9. d5 Nb4 $5 10. Nf3 c6 11. Be2
cxd5 12. Nxd5 Na6 $11 {Wirthensohn-Khalifman (Hamburg 1991)}) 9... a6 10. Kb1
b5 11. Nd5 $13 {Wirthensohn-Vogt [Arosa 1996; Inf. 67/(148)]}) 8... Nb8 (8...
Nb4 9. f3 Bd7 10. Nd1 $5 Na6 11. h4 $36) 9. f3 Bd7 (9... h6 10. fxg4 hxg5 11.
Be2 Nh7 12. O-O-O $16) (9... Bc8 {Yudasin,L} 10. h4 h6 11. g4 hxg5 12. hxg5
Nfd7 13. Qh2 Re8 14. Qh7+ Kf8 15. O-O-O e6 $13) 10. h4 h5 (10... c6 11. h5 Qa5
(11... Nxh5 12. Nxh7 $1 Kxh7 13. g4 $16) (11... h6 12. Nxf7 $1 Kxf7 13. hxg6+
Kxg6 14. Bxh6 $44) 12. hxg6 hxg6 13. Bc4 $36) (10... h6 11. Nh3 h5 (11... Kh7
12. Bd3 $16) 12. Bh6 $14) 11. g4 $1 c6 (11... hxg4 12. h5 $5 (12. Be2 $5) 12...
Nxh5 13. fxg4 Bxg4 14. Be2 $44 (14. Be2 {Yudasin,L} Bxe2 15. Qxe2 $40 {/\Rh5}))
12. gxh5 Nxh5 13. O-O-O Qa5 14. Bd4 Bxd4 $6 (14... Bh6 15. f4 c5 (15... f6 16.
Bc4 c5 17. Be3 fxg5 18. hxg5 Bg7 19. e5 $44) 16. Be3 Bg7 17. Kb1 $36) 15. Qxd4
$16 b5 (15... Qb6 16. Qd2 Ng3 (16... Na6 {Yudasin,L} 17. f4 $40) 17. Rh2 $16)
16. Kb1 b4 (16... Rc8 17. Qd2 $1 (17. e5 Qb6 $1) 17... Na6 18. dxc6 Bxc6 19.
Bxb5 $1 Bxb5 20. Qd5 $16) 17. Ne2 Rc8 (17... Qb6 18. Qd2 Qf2 19. Qxb4 $16 (19.
Bh3 {Yudasin,L} Bxh3 20. Nxh3 Qxf3 21. Qh6 Qxe2 22. Ng5 Nf6 23. h5 $18)) (17...
cxd5 18. exd5 Rc8 19. Qd2 Qc5 (19... Qc7 20. Rc1 $16) (19... Bf5 20. Nd4 Qxd5
21. Nxf5 Qxd2 (21... Qxf5 22. Bh3 $18) 22. Nxe7+ Kf8 23. Nxg6+ fxg6 24. Rxd2
$18) 20. Ne4 $16) 18. Qd2 $1 cxd5 19. Nf4 $1 (19. exd5 $16) 19... b3 $5 (19...
Ng3 20. Nxd5 Nxh1 (20... Nc6 21. Qf4 $18) 21. Nxe7+ Kg7 22. Nxc8 Bxc8 23. Bc4
$16) (19... Nc6 20. Nxh5 b3 21. cxb3 Qxd2 22. Rxd2 gxh5 23. Rxd5 $16) (19...
dxe4 20. Nxh5 gxh5 21. Rg1 $18) (19... Nf6 20. exd5 Bf5 21. Bd3 $16) (19...
Nxf4 {Yudasin,L} 20. Qxf4 f6 21. h5 $40) 20. Qxa5 bxc2+ 21. Kc1 cxd1=Q+ 22.
Kxd1 Nxf4 23. exd5 (23. Qd2 $5 e5 24. h5 gxh5 25. Rxh5 $1 $16) 23... Bf5 (23...
Rc5 24. Qd8+ Kg7 25. Bc4 $1 (25. Qxe7 Rxd5+ 26. Kc2 Rc5+ $13) 25... Rxc4 26.
Qxe7 Rd4+ 27. Kc2 Bf5+ 28. Kb3 Rd3+ (28... Rb4+ 29. Ka3 $18) 29. Kc4 Be6 30.
dxe6 d5+ 31. Kb5 a6+ 32. Ka4 $18) 24. Qd2 Nh5 (24... e5 25. dxe6 Nxe6 26. Nxe6
Bxe6 27. h5 $18) 25. Qe3 (25. Bd3 Bxd3 26. Qxd3 Nd7 $13) 25... Rc7 $6 (25...
Rc5 26. Qxe7 Rxd5+ 27. Kc1 Rc5+ 28. Kd2 Rd5+ 29. Kc3 Rc5+ 30. Bc4 $18) (25...
Nd7 26. Qxe7 Ne5 27. Qxd6 $18) (25... Kf8 $5 26. Qd4 Kg8 27. Bb5 $16) 26. Bb5
$1 Kf8 (26... Nf6 27. h5 Nxh5 28. Be8 $18) 27. Qd4 $18 Nf6 28. Nh7+ Kg7 29.
Nxf6 exf6 30. h5 gxh5 31. Rxh5 (31. Rg1+ Bg6 32. f4 $18) (31. Rxh5 Bg6 32. Rh2
Rc5 (32... Nd7 33. Qf4 $18) 33. Qd2 $18) 1-0